Colleges with Most Applicants Quiz Stats

 Plays Quiz Updated Feb 15, 2019

Score 0/24 Timer 08:00
0 Plays Today
Applicants College/University % Correct
92,690University of California - Los Angeles
79.2%
51,797University of Michigan
75.2%
42,392University of Texas - Austin
74.6%
42,497Stanford University
71.9%
51,924University of Southern California
68.3%
78,893University of California - Berkeley
65.1%
57,727New York University
55.7%
53,472Pennsylvania State University
53.4%
54,781Boston University
35.4%
70,536University of California - Santa Barbara
25.8%
46,165University of Minnesota
24.7%
78,061University of California - San Diego
24%
Applicants College/University % Correct
64,602University of California - Davis
23%
41,900Cornell University
21.4%
45,264Purdue University
21.4%
71,775University of California - Irvine
21.1%
59,051San Diego State University
17.7%
45,532University of California - Santa Cruz
17.3%
41,841California State University - Fullerton
12%
50,523Northeastern University
7.8%
42,811Fordham University
7.6%
58,109California State University - Long Beach
6.4%
46,820California Polytechnic
6%
48,936Liberty University
6%

You're not logged in!

Compare scores with friends on all Sporcle quizzes.
OR
Log In

Sporcle TV

Today on Sporcle TV


Watch our educational content, quiz creation guides, and fun videos on Sporcle TV.

Show Comments

Extras

Top Quizzes Today


Score Distribution

Your Account Isn't Verified!

In order to create a playlist on Sporcle, you need to verify the email address you used during registration. Go to your Sporcle Settings to finish the process.

Report this User

Report this user for behavior that violates our Community Guidelines.

Details: